000 01965cam a2200445 i 4500
999 _c79404
_d316681
001 920680673
003 OCoLC
005 20210304193117.0
008 150902s2016 gw a b 001 0 eng
010 _a2015034186
016 7 _a101667469
_2DNLM
020 _a9783131768612
_q(alkaline paper)
020 _a3131768614
_q(alkaline paper)
020 _z9783131768711
_q(electronic book)
020 _z3131768711
_q(electronic book)
035 _a.b79339402
035 _a(OCoLC)920680673
_z(OCoLC)926823329
_z(OCoLC)935982502
040 _aDNLM/DLC
_beng
_erda
_cDLC
_dYDX
_dNLM
_dBTCTA
_dYDXCP
_dOCLCO
_dVRC
_dOCLCQ
_dVAM
_dOCLCF
_dOSU
_dUtOrBLW
041 1 _aeng
_hger
042 _apcc
049 _aOSUU
050 0 4 _aQM28
_b.S7713 2016
050 0 4 _aQM28
_b.S7713 2016
082 _222
_a612
_bHJF
100 1 _aHochschild, Jutta,
_eauthor
_988296
240 1 0 _aStrukturen und Funktionen begreifen.
_lEnglish
245 1 0 _aFunctional anatomy for physical therapists /
_cJutta Hochschild
264 1 _aStuttgart ;
_aNew York :
_bGeorg Thieme Verlag,
_c[2016]
300 _ax, 578 pages :
_bcolor illustrations ;
_c28 cm
500 _a"This book is an authorized translation of the 2-volume 3rd German edition published and copyrighted 2005 and 2008 by Georg Thieme Verlag, Stuttgart. Title of the German edition: Strukturen und Funktionen begreifen : Funktionelle Anatomie : Therapierelevante Details"--Title page verso
504 _aIncludes bibliographical references and index
505 0 _aFundamentals of the spinal column -- Cranium and cervical spine -- Thoracic spine and thorax -- Shoulder -- Elbow -- Hand and wrist -- Lumbar spine -- Pelvis and hip joint -- Knee -- Foot and ankle
650 0 _aHuman anatomy
_988297
650 0 _aHuman physiology
_988298
650 0 _aPhysical therapy
_988299
650 1 2 _aPhysical Therapy Modalities
_988300
650 2 2 _aAnatomy
_988301
650 2 2 _aPhysiological Phenomena
_988302
942 _2ddc
_cBOOK